| 000 | 00400nam a22001337a 4500 | ||
|---|---|---|---|
| 082 |
_a947 _bGOR _cL-20/11 P-178 |
||
| 100 |
_aMikhail, Gorbachev _946431 |
||
| 245 |
_aPerestroika _bNew thinking for our country and the world _cMikhail Gorbachev |
||
| 260 |
_aLondon: _bGreat Britain, _c1987. |
||
| 300 | _a310 p.: | ||
| 526 |
_a0 _b0 _c0 _d947_000000000000000_GOR |
||
| 650 |
_aMCE _9379 |
||
| 942 |
_2ddc _cBK |
||
| 999 |
_c549770 _d549770 |
||